Statistics for Countries by Former Name

Click here to take the quiz!

General Stats

  • This quiz has been taken 176 times
  • The average score is 16 of 20

Answers on the Map

Answers color-coded by a green-red scale on the quiz's map according to % correct below.
 

Answer Stats

Answer% Correct
Dutch East Indies
94%
Persia
93%
Burma
92%
Siam
92%
Zaire
92%
Ceylon
91%
Abyssinia
88%
Assyria
88%
Bohemia
87%
Dutch Guiana
83%
Mesopotamia
83%
British Honduras
81%
Gold Coast
79%
Southern Rhodesia
76%
Formosa
74%
Upper Volta
66%
Basutoland
64%
Dahomey
60%
Nyasaland
60%
Bechuanaland
54%

Score Distribution

Percentile by Number Answered

Percent of People with Each Score

Your Score History

You have not taken this quiz